MARC details
| 000 -CABECERA |
| campo de control de longitud fija |
01134nam a2200253 a 4500 |
| 001 - NÚMERO DE CONTROL |
| campo de control |
000022435 |
| 005 - FECHA Y HORA DE LA ÚLTIMA TRANSACCIÓN |
| campo de control |
20200930021624.0 |
| 008 - DATOS DE LONGITUD FIJA--INFORMACIÓN GENERAL |
| campo de control de longitud fija |
101011s2002 dr 000 0 spa d |
| 040 ## - FUENTE DE LA CATALOGACIÓN |
| Centro catalogador/agencia de origen |
DO-SdBNP |
| Lengua de catalogación |
spa |
| Centro/agencia transcriptor |
BNPHU |
| 082 ## - NÚMERO DE LA CLASIFICACIÓN DECIMAL DEWEY |
| Número de clasificación |
327.8 |
| Número de documento/Ítem |
C969c |
| 111 2# - ENTRADA PRINCIPAL--NOMBRE DE CONGRESO/REUNIÓN |
| Nombre de congreso/reunión o jurisdicción como elemento de entrada |
Cumbre Iberoamericana |
| 9 (RLIN) |
46247 |
| 245 10 - MENCIÓN DE TÍTULO |
| Título |
Cumbres iberoamericanas de jefes de estado y de gobierno / |
| Mención de responsabilidad, etc. |
Miguel Reyes Sánchez. |
| 246 14 - FORMA VARIANTE DE TÍTULO |
| Título propio/Titulo breve |
Cumbres iberoamericanas de jefes de estado y de gobierno: |
| Resto del título |
documentos y declaraciones |
| 260 ## - PUBLICACIÓN, DISTRIBUCIÓN, ETC. |
| Lugar de publicación, distribución, etc. |
Santo Domingo : |
| Nombre del editor, distribuidor, etc. |
Escuela Diplomática y Consular, |
| Fecha de publicación, distribución, etc. |
2002. |
| 300 ## - DESCRIPCIÓN FÍSICA |
| Extensión |
774 p. ; |
| Dimensiones |
22 cm. |
| 590 ## - NOTA LOCAL (RLIN) |
| Nota local |
Inventariado, 2018/BT |
| 650 #4 - PUNTO DE ACCESO ADICIONAL DE MATERIA--TÉRMINO DE MATERIA |
| Término de materia o nombre geográfico como elemento de entrada |
Conferencias interamericanas |
| Subdivisión general |
Congresos, conferencias, etc. |
| 9 (RLIN) |
46248 |
| 650 #4 - PUNTO DE ACCESO ADICIONAL DE MATERIA--TÉRMINO DE MATERIA |
| Término de materia o nombre geográfico como elemento de entrada |
Jefes de estado |
| Subdivisión geográfica |
América Latina |
| Subdivisión general |
Congresos, conferencias, etc. |
| 9 (RLIN) |
46249 |
| 651 #4 - PUNTO DE ACCESO ADICIONAL DE MATERIA--NOMBRE GEOGRÁFICO |
| Nombre geográfico |
América Latina |
| Subdivisión general |
Relaciones |
| Subdivisión geográfica |
España |
| 9 (RLIN) |
19200 |
| 651 #4 - PUNTO DE ACCESO ADICIONAL DE MATERIA--NOMBRE GEOGRÁFICO |
| Nombre geográfico |
América Latina |
| Subdivisión general |
Relaciones Exteriores |
| 9 (RLIN) |
4075 |
| 700 12 - PUNTO DE ACCESO ADICIONAL--NOMBRE DE PERSONA |
| Nombre de persona |
Reyes Sánchez, Miguel, |
| Fechas asociadas al nombre |
1966- |
| 9 (RLIN) |
2285 |
| 710 12 - PUNTO DE ACCESO ADICIONAL--NOMBRE DE ENTIDAD CORPORATIVA |
| Nombre de entidad corporativa o nombre de jurisdicción como elemento de entrada |
República Dominicana |
| Unidad subordinada |
Secretaría de Estado de Relaciones Exteriores |
| -- |
Escuela Diplomática y Consular |
| 9 (RLIN) |
2252 |
| 910 ## - DATOS DE OPCIÓN DEL USUARIO (OCLC) |
| Datos de opción del usuario |
Validado. Control de calidad. MFF |